00954nam a22002537a 45000010005000000030006000050050017000110080041000280200018000690400029000870500014001160820012001301000015001422450051001572600043002083000056002514900043003075050008003505200153003585210020005115210020005316500072005516500077006235739FISKH20250117095052.0250117b cb ||||| |||| 00| 0 eng d a9780531208281 aFISKHbengcFISKHdFISKH aGV875.C58 a796.357 aElish, Dan aThe black sox scandal of 1919 /cby Dan Elish  aNew York :bChildren's Press ;c2008 . a48 pages : bcolor illustrations : maps ;c25 cm .  aCornerstones of FreedomvSecond Series aX  aDescribes the events leading up to the 1919 World Series and how eight members of the Chicago White Sox were accused of deliberatly losing the game.8 a890 bLexile 8 aX bRaz-Plus  aChicago- white- sox( baseball team )- historyvJuvenile literature  aBaseball- Corrupt practices- United States -HistoryvJuvenile literature